El complejo agroindustrial /
Đã lưu trong:
| Tác giả chính: | |
|---|---|
| Định dạng: | Texto |
| Những chủ đề: | |
| Các nhãn: |
Thêm thẻ
Không có thẻ, Là người đầu tiên thẻ bản ghi này!
|
MARC
| LEADER | 00000 a a2200000 04500 | ||
|---|---|---|---|
| 001 | 43059 | ||
| 003 | |||
| 040 | |||
| 100 | |a Passos Guimaraes, Alberto | ||
| 245 | |a El complejo agroindustrial / |c Alberto Passos Guimaraes | ||
| 650 | |a AGRICULTURA | ||
| 650 | |a AGROINDUSTRIA | ||
| 650 | |a CULTIVOS | ||
| 650 | |a PRODUCTIVIDAD | ||
| 773 | |g volumen5, número14 (1976), páginas 45-54 | ||
| 999 | |c 21612 |d 21612 | ||
| 773 | 0 | |0 18875 |9 5481 |a Universidad de Costa Rica. |d San José, Costa Rica: Universidad de Costa Rica. Consejo Superior Universitario Centroamericano, 1972- |o 13804 |t Estudios Sociales Centroamericanos / |x 03039676 | |
